00218nam a2200097Ia 4500008004100000100001800041245001100059260002600070942000700096999001700103190216s9999||||xx |||||||||||||| ||und|| aVilanilam J V 0aRubber bPoorna Pubs Kozhikode cBK c39620d39620